000 01403nam a22003977a 4500
001 000097054
003 CHAP
005 20220329143224.0
008 070420d2006 mx r 00110 spa d
010 _a93520
011 _a94492
035 _a105083
040 _cCHAP
090 _aTesis
100 1 _aSalguero Zendón, Olga Beirut.
_9101619
245 1 0 _aRendimiento del papayo maradol en respuesta a la fertilización foliar y aplicación de hormonas /
_c/por Olga Beirut Salguero Zendón.
260 _aCocula, Gro. :
_bEl autor,
_c2006.
300 _a96 h. :
_bilus. ; Gráfs. ; cuadros,.
502 _aTesis (Ing. Agr. Fitotecnista) -- CASAEGRO. Centro de Estudios Profesionales
590 _aALEPH
_b10
_c20130110
_lUCH01
_h1518
590 _aBATCH-UPD
_b10
_c20130110
_lUCH01
_h0656
590 _aBATCH-UPD
_b10
_c20130410
_lUCH01
_h0341
590 _aBATCH-UPD
_b10
_c20130914
_lUCH01
_h1400
590 _aCONVERSION
_b10
_c20130109
_lUCH01
_h1352
590 _aE11695DGD
_b10
_c20150721
_lUCH01
_h1002
650 1 4 _aFertilización foliar.
_940445
650 1 4 _aFertilizantes
_xEfecto en papaya.
_940535
650 1 4 _aHormonas
_xEfecto en plantas.
_956238
650 1 4 _aPapaya
_xCrecimiento.
_985330
650 1 4 _aPapaya
_xRendimiento.
_985356
901 _aBK
905 _aElisama A. H.
942 _cTESIS
942 _n0
949 _aTesis
_bBC
_cTES
_d33724002024991
_eTS1
_h46452
_i105083
_sb
999 _c93520
_d93520